| 000 | 00000nam##2200000za#4500 |
| 001 | 9.588393 |
| 003 | CaOODSP |
| 005 | 20210624195110 |
| 007 | cr ||||||||||| |
| 008 | 150406|1989||||xxc|||||o f|0| 0 eng|d |
| 040 | |aCaOODSP|beng |
| 041 | |aeng |
| 041 | |afre |
| 043 | |an-cn--- |
| 086 | 1 |aCS92-N0060/2-1989-PDF |
| 245 | 04|aThe National Census Test and the integration of recommendations from the 1991 Census content consultation process |h[electronic resource] |
| 260 | |aOttawa - Ontario : |bStatistics Canada |c1989. |
| 490 | 1 |aNational census test |vNo. 2 |
| 500 | |aHistorical census publication digitized by Statistics Canada. |
| 590 | |a12-44-Supp|b2012-12-13 |
| 690 | 07|aCensus|2gcpds |
| 690 | 07|aTesting|2gcpds |
| 710 | 2 |aStatistics Canada. |
| 792 | |tTest du recensement national et intégration des recommandations du processus de consultation sur le contenu du recensement de 1991 |efre|w(CaOODSP)9.588394 |
| 830 | #0|aNational Census test ;|vNo. 2|w(CaOODSP)9.500681 |
| 856 | 40|ahttp://publications.gc.ca|qPDF|s2012 KB|uhttps://publications.gc.ca/collections/collection_2012/statcan/rh-hc/CS92-N0060-2-1989.pdf|yNo. 2 |